000
00425nam a2200169Ia 4500
008
090711s9999 xx 000 0 und d
082
_b
12653
100
_a
पाध्ये भाऊ
245
_a
करंटा
260
_c
1961
300
_a
100
600
_a
पाध्ये भाऊ
630
_a
करंटा
700
_a
पाध्ये भाऊ
730
_a
करंटा
942
_c
BOOK
999
_c
294439
_d
294439